| 000 | 00945nam a2200205Ii 4500 | ||
|---|---|---|---|
| 003 | JO-AjNU | ||
| 008 | 230605s9999||||xx |||||||||||||| ||und|| | ||
| 040 |
_aJO-AjNU _bara _erda _cJO-AjNU |
||
| 041 | _aara | ||
| 050 | 1 | 4 | _aHN766 1992 |
| 100 | 3 |
_aالانصاري، محمد جابر, _eauthor _913653 |
|
| 245 | 0 | 0 | _aتجديد النهضة باكتشاف الذات ونقدها: دعوة لتشخيص الموروث المجتمعي العربي واعادة تأسيس الثقافة العربية لعصر تنوير جديدة |
| 250 | _aط1 | ||
| 264 | 3 | 1 | _aبيروت، عمان: المؤسسة العربية للدراسات والنشر، دار الفارس للنشر والتوزيع، 1992 |
| 300 |
_a371ص _bيحتوي على ببلوغرافية من 367-371ص |
||
| 336 |
_atext _btxt _2rdacontent |
||
| 337 |
_aunmediated _bn _2rdamedia |
||
| 338 |
_avolume _bnc _2rdacarrier |
||
| 650 | 4 |
_aالمجتمع العربي _913654 |
|
| 999 |
_aA3455 _c7023 _d7023 |
||